000 00531nam a2200193Ia 4500
003 IN-BaIIA
008 211028s9999 xx 000 0 eng d
020 _a0-12-500650-0
040 _cIIA Library
080 _a523.9-71
_bBIO
100 _aMitsui, Akira
_910243
245 0 _aBiological solar energy conversion
_cAkira Mitsui
260 _aNew York
_bAcademic Press
_c1977
300 _a469p.
650 _aAstronomy and astrophysics thesaurus
650 _aPhotosynthesis
_910244
650 _aSolar energy
_93295
942 _cBK
999 _c5914
_d5914